000 00593nam a2200181Ia 4500
008 100921s9999 xx 000 0 und d
082 _b12636
_a891.463 थ 77
100 _aदेवकुळे जयंत ग.
245 _aकनक आणि कामिनी.
260 _bफडणीस राजा.
_c1977
300 _a174
_b---
365 _b14
520 _aललित-कादंबरी.
630 _aकनक आणि कामिनी.
650 _aललित-कादंबरी.
730 _aकनक आणि कामिनी.
942 _cBOOK
999 _c761749
_d761746